Teória architektonickej tvorby : Typológia budov II

Enregistré dans:
Détails bibliographiques
Auteur principal: Karfík, Vladimír (Auteur)
Format: Livre
Publié: SVŠT v Bratislave, 1951
Sujets:
Tags: Ajouter un tag
Pas de tags, Soyez le premier à ajouter un tag!

MARC

LEADER 00000nam a22000003a 4500
001 stu123741
005 20230518135839.5
008 060720s1951----------------------------d
040 |a STU  |b slo 
100 1 |a Karfík, Vladimír  |4 aut 
245 1 |a Teória architektonickej tvorby :  |b Typológia budov II 
260 |b SVŠT v Bratislave,  |c 1951 
300 |a 55 s  |c obr 
650 7 |a architektúra-teória  |2 stusub 
650 7 |a dopravné stavby 
650 7 |a železnice 
650 7 |a garáže 
650 7 |a stanice autobusové 
650 7 |a Letiská 
650 7 |a administratívne budovy 
650 7 |a výškové stavby 
650 7 |a haly 
650 7 |a domy obchodné 
650 7 |a priemyselné stavby 
650 7 |a konverzia továrne 
650 7 |a výťahy 
996 |b 284AS02157  |c A*3199 S  |l AAKNAR  |s A  |a 24  |w stu123741_0001